01689nam a2200373 4500003000400000005001700004008004100021020001800062040001800080041000800098041000800106050002000114100003700134245031800171264017500489300003400664336002200698337002400720338002400744500002300768600004900791650006200840700004200902700003400944700005100978700003901029700003301068700003201101700003101133700004401164700003301208700003801241700003601279OSt20260601193525.0260421b2013 mx a|||| |||| 00| 0 spa d a9786074172584 aICIbspacICI aspa aeng aNA759.A683bD53 1a Cruz González Franco, Lourdes 1aLos dibujos del taller de Augusto H. Álvarezc Lourdes Cruz González Franco, Alejandro Aguilera González ; con dibujos de: Carlos Alvarado, Augusto H. Álvarez, Augusto F. Álvarez, Vito Ascencio, Jorge Flores, Luis Guerrero, Francisco Javier Marván, Héctor Meza, Joaquín Palacios, Octavio Sánchez bUniversidad Iberoamericana, Ciudad de México, Departamento de Arquitectura bUniversidad Nacional Autónoma de México, Facultad de Arquitecturac2013aMéxico, D.F. a139 páginasb ilustraciones atexto2rdacontent asin medio2rdamedia avolumen2rdacarrier aTexto en español 1aÁlvarez, Augusto H.d 1914-1995x Archivos aDibujo arquitectónico xHistoria ySiglo XXzMéxico | aAguilera González, Alejandroeautor aAlvarado, Carlose ilustrador aÁlvarez, Augusto H.d1914-1995,e ilustrador aÁlvarez, Augusto F.e ilustrador a Ascencio, Vitoe ilustrador a Flores, Jorgee ilustrador aGuerrero, Luiseilustrador aJavier Marván, Franciscoe ilustrador a Meza, Héctore ilustrador a Palacios, Joaquíne ilustrador aSánchez, Octavioe ilustrador